000
00253nam a22001097a 4500
999
_c
260879
_d
260878
020
_a
9780545499088
100
_a
Dav Pilkey
245
_a
The Adventures of Captain Underpants
260
_a
New York
_b
Scholastic
_c
1997
300
_a
136 pgs
942
_c
BK